[Event "III Festival A"]
[Site "Codogno ITA"]
[Date "2011.10.14"]
[Round "1"]
[White "Castrogiovanni, Carlo"]
[Black "Laketic, Gojko"]
[Result "0-1"]
[WhiteElo "2004"]
[BlackElo "2443"]
[PlyCount "88"]
[EventDate "2011.10.14"]

1. d4 Nf6 2. c4 e6 3. Nf3 d5 4. Nc3 c6 5. cxd5 exd5 6. Bg5 Bf5 7. e3 Qb6 8. Qc1
Nbd7 9. Bxf6 Nxf6 10. Be2 Bd6 11. a3 O-O 12. Nh4 Be6 13. Bd3 g6 14. Nf3 Qc7 15.
h3 Rae8 16. Qc2 Bc8 17. Rc1 Qe7 18. O-O Ne4 19. Rce1 f5 20. Kh1 g5 21. Ng1 g4
22. Nce2 gxh3 23. Nxh3 Kh8 24. Nef4 Rg8 25. g3 Rg4 26. Rg1 Reg8 27. Rg2 Qg7 28.
Reg1 Bd7 29. Be2 Qe7 30. Bf3 Nf6 31. Qe2 Rf8 32. Re1 Rgg8 33. Rh2 Ng4 34. Bxg4
fxg4 35. Ng1 Bf5 36. Rh4 Be4+ 37. Kh2 Rf6 38. Qd2 Qg7 39. Qe2 Rh6 40. f3 gxf3
41. Qf2 Bxf4 42. exf4 Rxh4+ 43. gxh4 Qg2+ 44. Qxg2 Rxg2+ 0-1

[Event "III Festival A"]
[Site "Codogno ITA"]
[Date "2011.10.14"]
[Round "1"]
[White "De Palma, Fabrizio"]
[Black "Rubbiani, Samuel"]
[Result "1-0"]
[WhiteElo "2071"]
[BlackElo "1657"]
[PlyCount "57"]
[EventDate "2011.10.14"]

1. d4 Nf6 2. Nf3 e6 3. c4 d6 4. Nc3 g6 5. e4 Bg7 6. Be2 O-O 7. O-O b6 8. Re1
Bb7 9. Bf1 Nc6 10. Rb1 Nd7 11. Bg5 Ne7 12. Qd2 Re8 13. Rbd1 e5 14. Nd5 Bxd5 15.
cxd5 exd4 16. Nxd4 Ne5 17. f4 f6 18. Bh4 Bh6 19. Bxf6 Qd7 20. Ne6 b5 21. Qc3
Nc4 22. Bg5 Bf8 23. b3 h6 24. Bh4 Nb6 25. Qxc7 Rac8 26. Qxd7 Nxd7 27. Bxb5 Nc6
28. Bxc6 Rxc6 29. dxc6 1-0

[Event "III Festival A"]
[Site "Codogno ITA"]
[Date "2011.10.14"]
[Round "1"]
[White "Ficco, Corrado"]
[Black "Popovich, Fabio"]
[Result "1-0"]
[WhiteElo "2117"]
[BlackElo "1805"]
[PlyCount "115"]
[EventDate "2011.10.14"]

1. e4 c5 2. Nf3 Nc6 3. d4 cxd4 4. Nxd4 Nf6 5. Nc3 d6 6. f3 e5 7. Nb3 a5 8. Bb5
Be6 9. Bg5 Be7 10. O-O O-O 11. a4 Nd7 12. Bxe7 Qxe7 13. Nd5 Bxd5 14. Qxd5 Nb6
15. Qd2 Qc7 16. Rfd1 Rfd8 17. Qc3 d5 18. Qc5 d4 19. c3 Nd7 20. Qc4 Rac8 21.
cxd4 exd4 22. Bxc6 Ne5 23. Qc5 b6 24. Qb5 Nxc6 25. Rac1 Qf4 26. Rxc6 Qe3+ 27.
Kf1 Rxc6 28. Qxc6 Qxb3 29. Rxd4 Rf8 30. Qc3 Qe6 31. Qd2 h6 32. Qd3 Qe5 33. g3
Qc5 34. Qc4 Rc8 35. Qxc5 Rxc5 36. Ke2 Rc2+ 37. Rd2 Rc4 38. Rd8+ Kh7 39. b3 Rc2+
40. Rd2 Rc3 41. Rd3 Rc2+ 42. Ke3 Rxh2 43. Rd6 Rc2 44. Rxb6 Rc3+ 45. Ke2 Rc8 46.
Rb5 Ra8 47. Kd3 Kg6 48. Kc4 Kf6 49. b4 axb4 50. Kxb4 g5 51. a5 h5 52. Rb6+ Kg7
53. a6 h4 54. gxh4 gxh4 55. Ka5 Rh8 56. a7 h3 57. Rb8 h2 58. Rxh8 1-0

[Event "III Festival A"]
[Site "Codogno ITA"]
[Date "2011.10.14"]
[Round "1"]
[White "Giuria, Abramo"]
[Black "Bonade', Massimo"]
[Result "0-1"]
[WhiteElo "1711"]
[BlackElo "2079"]
[PlyCount "70"]
[EventDate "2011.10.14"]

1. e4 c5 2. Nf3 d6 3. d4 cxd4 4. Nxd4 Nf6 5. Nc3 a6 6. Bg5 e6 7. Qd2 Be7 8.
O-O-O O-O 9. f4 Qc7 10. h3 b5 11. a3 Bb7 12. Bxb5 axb5 13. Ndxb5 Qc6 14. Nxd6
Bxd6 15. Qxd6 Qxd6 16. Rxd6 Nxe4 17. Nxe4 Bxe4 18. Rg1 Rc8 19. Rd2 Nc6 20. Re1
Bg6 21. Re3 h6 22. Bh4 Nb4 23. c3 Nd5 24. Rf3 Be4 25. Rff2 f5 26. g3 Nb4 27.
Kd1 Nd5 28. Ke1 Kf7 29. g4 Rc7 30. Bg3 Ke8 31. Rfe2 Nxc3 32. bxc3 Rxc3 33. Bf2
Raxa3 34. Bd4 Rc1+ 35. Rd1 Rxd1+ 0-1

[Event "III Festival A"]
[Site "Codogno ITA"]
[Date "2011.10.14"]
[Round "1"]
[White "Mrdja, Milan"]
[Black "Tagliaferri, Valerio"]
[Result "1-0"]
[WhiteElo "2402"]
[BlackElo "1850"]
[PlyCount "63"]
[EventDate "2011.10.14"]

1. e4 b6 2. d4 e6 3. Nf3 Bb7 4. Bd3 Nf6 5. Qe2 c5 6. e5 Nd5 7. dxc5 Bxc5 8. a3
a5 9. c4 Nc7 10. Nc3 d5 11. exd6 Bxd6 12. Ne4 Be7 13. Bf4 O-O 14. O-O Ne8 15.
Rfd1 Nd7 16. Neg5 Bxg5 17. Nxg5 Nef6 18. Bc2 Qc8 19. Rd6 Re8 20. Rad1 h6 21.
Nh7 Bc6 22. Nxf6+ Nxf6 23. Be5 Qb7 24. Bxf6 gxf6 25. Qh5 Kg7 26. R1d3 Rh8 27.
Qh4 Rag8 28. Rg3+ Kf8 29. Qxf6 Rxg3 30. hxg3 Rg8 31. Rd8+ Be8 32. Ba4 1-0

[Event "III Festival A"]
[Site "Codogno ITA"]
[Date "2011.10.14"]
[Round "1"]
[White "Murli, Almerico"]
[Black "Giretti Kanev, Jasen"]
[Result "0-1"]
[WhiteElo "1805"]
[BlackElo "2205"]
[PlyCount "134"]
[EventDate "2011.10.14"]

1. e4 e6 2. d4 d5 3. Nd2 dxe4 4. Nxe4 Nf6 5. Bg5 Be7 6. Nxf6+ gxf6 7. Be3 b6 8.
Bb5+ c6 9. Be2 Ba6 10. Nf3 Qd5 11. O-O Rg8 12. Bxa6 Nxa6 13. Qe2 Bd6 14. Ne1
Nc7 15. c4 Qe4 16. Qf3 f5 17. Qxe4 fxe4 18. g3 O-O-O 19. Ng2 Ne8 20. f3 exf3
21. Rxf3 Rd7 22. Rd1 Ng7 23. Bf2 h5 24. Rfd3 Nf5 25. Kh1 Be7 26. Ne3 Nd6 27. b3
Ne4 28. Be1 h4 29. Nf1 f5 30. gxh4 Bb4 31. Rf3 Bxe1 32. Rxe1 Rxd4 33. Ng3 Nd2
34. Rf2 f4 35. Nf1 Nxf1 36. Rexf1 e5 37. Re1 Kc7 38. Rfe2 f3 39. Rxe5 f2 40.
Rf1 Rdg4 41. Rg5 R4xg5 42. hxg5 Rxg5 43. Rxf2 Kd6 44. h3 a5 45. Kh2 a4 46. h4
Rg6 47. Kh3 axb3 48. axb3 b5 49. cxb5 cxb5 50. b4 Ke5 51. Rg2 Rc6 52. h5 Kf4
53. Rg4+ Kf5 54. Rg3 Rc4 55. h6 Rc6 56. Kg2 Rxh6 57. Rc3 Re6 58. Rc5+ Re5 59.
Rc8 Ke4 60. Kf2 Kd4 61. Kf3 Re3+ 62. Kf4 Rb3 63. Rc7 Rxb4 64. Kf3 Rc4 65. Rb7
b4 66. Ke2 Kc3 67. Kd1 Kb2 0-1

[Event "III Festival A"]
[Site "Codogno ITA"]
[Date "2011.10.14"]
[Round "1"]
[White "Stella, Andrea"]
[Black "Mussap, Angelo"]
[Result "1-0"]
[WhiteElo "2447"]
[BlackElo "2036"]
[PlyCount "63"]
[EventDate "2011.10.14"]

1. d4 Nf6 2. c4 d5 3. Nf3 e6 4. e3 Bb4+ 5. Nbd2 O-O 6. a3 Be7 7. Bd3 Nc6 8. b3
Ng4 9. h3 Nh6 10. Bb2 f5 11. Qc2 g6 12. b4 Bf6 13. Rc1 Rf7 14. O-O Qf8 15. b5
Nd8 16. Ne5 Bxe5 17. dxe5 c6 18. f4 Bd7 19. bxc6 Bxc6 20. Nf3 Rd7 21. Nd4 Qe7
22. cxd5 Bxd5 23. Bb5 Nc6 24. Nxc6 bxc6 25. Bxc6 Bxc6 26. Qxc6 Rad8 27. Bd4 Qe8
28. Qa6 Nf7 29. Rc6 Rd5 30. Rxe6 Qd7 31. Rf6 Qe7 32. Rb1 1-0

[Event "III Festival A"]
[Site "Codogno ITA"]
[Date "2011.10.14"]
[Round "1"]
[White "Valsecchi, Alessio"]
[Black "Bongiorni, Gabriele"]
[Result "1-0"]
[WhiteElo "2338"]
[BlackElo "1816"]
[PlyCount "83"]
[EventDate "2011.10.14"]

1. e4 c5 2. Nf3 d6 3. d4 cxd4 4. Nxd4 Nf6 5. Nc3 g6 6. Be3 Bg7 7. f3 a6 8. Qd2
Nbd7 9. O-O-O b5 10. Kb1 Bb7 11. g4 Ne5 12. g5 Nh5 13. f4 Nc4 14. Bxc4 bxc4 15.
Rhe1 Nxf4 16. Bxf4 e5 17. Nf5 gxf5 18. exf5 O-O 19. f6 exf4 20. fxg7 Re8 21.
Rxe8+ Qxe8 22. Qxf4 d5 23. Qd4 Rd8 24. Ne4 Qxe4 25. Qxe4 dxe4 26. Rxd8+ Kxg7
27. Rd6 e3 28. Kc1 a5 29. h4 Bf3 30. a4 Kf8 31. Ra6 Kg7 32. Rxa5 Kg6 33. Re5 e2
34. Kd2 Kh5 35. Rf5 Be4 36. Rxf7 Bxc2 37. Kxe2 Kxh4 38. Rf4+ Kxg5 39. Rxc4 Bb3
40. Rc5+ Kf4 41. a5 Ke4 42. a6 1-0

[Event "III Festival A"]
[Site "Codogno ITA"]
[Date "2011.10.15"]
[Round "2"]
[White "Astengo, Marcello"]
[Black "Valsecchi, Alessio"]
[Result "0-1"]
[WhiteElo "2045"]
[BlackElo "2338"]
[PlyCount "64"]
[EventDate "2011.10.14"]

1. d4 Nf6 2. c4 e6 3. Nc3 d5 4. cxd5 exd5 5. Bg5 c6 6. e3 Be7 7. Bd3 O-O 8. Qc2
Nbd7 9. Nge2 Re8 10. O-O Nf8 11. Rab1 a5 12. f3 g6 13. Kh1 Ne6 14. Bh4 b6 15.
Rbd1 Bb7 16. Bf2 Rc8 17. Bg1 c5 18. Bb5 Rf8 19. dxc5 bxc5 20. Bc4 Rc7 21. Qa4
Qa8 22. Bd3 c4 23. Bb1 Bc6 24. Qc2 Rb8 25. e4 dxe4 26. fxe4 Rcb7 27. Nd5 Nxd5
28. exd5 Rxb2 29. Qxc4 Bb5 30. Qc3 Rxe2 31. Rxf7 Kxf7 32. dxe6+ Kg8 0-1

[Event "III Festival A"]
[Site "Codogno ITA"]
[Date "2011.10.15"]
[Round "2"]
[White "Bonade', Massimo"]
[Black "Mrdja, Milan"]
[Result "0-1"]
[WhiteElo "2079"]
[BlackElo "2402"]
[PlyCount "70"]
[EventDate "2011.10.14"]

1. d4 d5 2. c4 Nc6 3. Nc3 dxc4 4. Nf3 e6 5. Bg5 Be7 6. Bxe7 Qxe7 7. e4 Qb4 8.
Qd2 Na5 9. O-O-O Nf6 10. g4 O-O 11. g5 Nd7 12. h4 c5 13. d5 exd5 14. Nxd5 Qxd2+
15. Rxd2 Nb6 16. Bh3 Nxd5 17. exd5 Bxh3 18. Rxh3 Rfe8 19. Rh1 Rad8 20. Re1
Rxe1+ 21. Nxe1 Kf8 22. Ng2 b5 23. Ne3 Nb7 24. Kc2 Nd6 25. Rd1 Re8 26. Rg1 Re4
27. Rg4 Rd4 28. Kc1 Ke7 29. h5 g6 30. hxg6 hxg6 31. Rg2 Rf4 32. Ng4 Ne4 33. f3
Nxg5 34. Ne5 Nxf3 35. Rf2 Nxe5 0-1

[Event "III Festival A"]
[Site "Codogno ITA"]
[Date "2011.10.15"]
[Round "2"]
[White "Giretti Kanev, Jasen"]
[Black "Stella, Andrea"]
[Result "1/2-1/2"]
[WhiteElo "2205"]
[BlackElo "2447"]
[PlyCount "87"]
[EventDate "2011.10.14"]

1. c4 Nf6 2. Nf3 c5 3. g3 b6 4. Bg2 Bb7 5. O-O e6 6. Nc3 Be7 7. d4 cxd4 8. Nxd4
Bxg2 9. Kxg2 Qc8 10. Bf4 O-O 11. Ndb5 Qc6+ 12. f3 d6 13. b3 a6 14. Nd4 Qc7 15.
Bg5 Nbd7 16. Rc1 h6 17. Be3 Rfe8 18. Bg1 Rac8 19. e4 Qb7 20. Qe2 Bf8 21. h3 g6
22. Kh2 Bg7 23. Qg2 Rc7 24. Rfd1 d5 25. cxd5 exd5 26. exd5 Nxd5 27. Ne4 Rxc1
28. Rxc1 Qa8 29. Nd6 Rf8 30. f4 Nc5 31. Re1 Rd8 32. Nc4 Qc8 33. Ne5 Bxe5 34.
Rxe5 Nb4 35. f5 Re8 36. Rxe8+ Qxe8 37. fxg6 fxg6 38. Qd2 Nd5 39. Qxh6 Qe4 40.
Qg5 Ne6 41. Nxe6 Qe2+ 42. Kh1 Qe4+ 43. Kh2 Qe2+ 44. Kh1 1/2-1/2

[Event "III Festival A"]
[Site "Codogno ITA"]
[Date "2011.10.15"]
[Round "2"]
[White "Laketic, Gojko"]
[Black "Ficco, Corrado"]
[Result "1/2-1/2"]
[WhiteElo "2443"]
[BlackElo "2117"]
[PlyCount "47"]
[EventDate "2011.10.14"]

1. d4 f5 2. g3 Nf6 3. Bg2 g6 4. Nh3 Bg7 5. c3 Nc6 6. d5 Ne5 7. Nf4 c6 8. O-O
Nxd5 9. Nxd5 cxd5 10. Qxd5 e6 11. Qb3 O-O 12. c4 Qc7 13. Na3 Rb8 14. Bf4 a6 15.
Rad1 b6 16. Rd2 Bb7 17. Bxb7 Rxb7 18. Rfd1 Rf7 19. Rd6 h6 20. h4 Kh7 21. Qa4
Ra7 22. Qb3 Rb7 23. Qa4 Ra7 24. Qb3 1/2-1/2

[Event "III Festival A"]
[Site "Codogno ITA"]
[Date "2011.10.15"]
[Round "2"]
[White "Marholev, Dimitar"]
[Black "De Palma, Fabrizio"]
[Result "1/2-1/2"]
[WhiteElo "2355"]
[BlackElo "2071"]
[PlyCount "42"]
[EventDate "2011.10.14"]

1. e4 c6 2. d4 d5 3. Nd2 dxe4 4. Nxe4 Nf6 5. Nxf6+ exf6 6. c3 Bd6 7. Bd3 O-O 8.
Qc2 Re8+ 9. Ne2 h6 10. Be3 Qc7 11. O-O-O b5 12. Qd2 Nd7 13. Kb1 Rb8 14. Bxh6
gxh6 15. Qxh6 Nf8 16. Qxf6 Qe7 17. Qh6 Qe6 18. Qg5+ Ng6 19. f4 Be7 20. Qg3 Qg4
21. Rdf1 Bd6 1/2-1/2

[Event "III Festival A"]
[Site "Codogno ITA"]
[Date "2011.10.15"]
[Round "2"]
[White "Mussap, Angelo"]
[Black "Murli, Almerico"]
[Result "1-0"]
[WhiteElo "2036"]
[BlackElo "1805"]
[PlyCount "139"]
[EventDate "2011.10.14"]

1. e4 g6 2. d4 Bg7 3. c4 d6 4. Be3 Nf6 5. Nc3 O-O 6. h3 e5 7. d5 Nbd7 8. Bd3
Nc5 9. Bc2 a5 10. Nge2 Nfd7 11. g4 Nb6 12. b3 c6 13. dxc6 bxc6 14. Qd2 a4 15.
Rd1 axb3 16. axb3 Nb7 17. O-O Be6 18. Kg2 Nd7 19. Ng3 Kh8 20. f3 Nf6 21. Na4
Nd7 22. Qc3 Qc7 23. b4 c5 24. b5 Na5 25. Bb3 Nxb3 26. Qxb3 Nb6 27. Nxb6 Qxb6
28. Ra1 Rfb8 29. Ra4 Rxa4 30. Qxa4 Bf8 31. Ra1 Kg7 32. Ne2 Qb7 33. Nc3 Kg8 34.
Nd5 Bxd5 35. exd5 Bg7 36. Ra2 Bf6 37. Qa6 Qxa6 38. Rxa6 Be7 39. Bh6 f6 40. Bd2
Kf7 41. Ba5 Bd8 42. Ra7+ Kg8 43. Bxd8 Rxd8 44. Rc7 Rb8 45. Rc6 Rd8 46. b6 Kg7
47. Rc7+ Kh6 48. b7 Rb8 49. Rd7 g5 50. Rxd6 Rxb7 51. Rxf6+ Kg7 52. Rc6 Rb2+ 53.
Kg1 Rb1+ 54. Kf2 Rb2+ 55. Ke3 Rb1 56. Ke4 Re1+ 57. Kf5 Re3 58. Kxg5 Rxf3 59.
Rc7+ Kg8 60. Rxc5 e4 61. Rc6 e3 62. Re6 Rxh3 63. d6 Kf7 64. Re7+ Kf8 65. Re4 e2
66. Rxe2 Rd3 67. Re6 Kf7 68. Re7+ Kf8 69. c5 Rd5+ 70. Kf6 1-0

[Event "III Festival A"]
[Site "Codogno ITA"]
[Date "2011.10.15"]
[Round "2"]
[White "Popovich, Fabio"]
[Black "Castrogiovanni, Carlo"]
[Result "1-0"]
[WhiteElo "1805"]
[BlackElo "2004"]
[PlyCount "101"]
[EventDate "2011.10.14"]

1. e4 c5 2. Nf3 a6 3. d4 cxd4 4. Nxd4 Nf6 5. Nc3 e5 6. Nb3 Bb4 7. Qf3 d5 8. Bd2
Bxc3 9. Qxc3 Nc6 10. exd5 Qxd5 11. O-O-O Be6 12. Bh6 Nd4 13. Nxd4 exd4 14. Rxd4
Qh5 15. Bd2 O-O 16. f3 Rac8 17. Qe3 Qc5 18. Bd3 Rfe8 19. Rh4 Qxe3 20. Bxe3 Bxa2
21. Bg5 Nd7 22. Bxh7+ Kf8 23. Bf5 f6 24. Bxd7 fxg5 25. Rh8+ Bg8 26. Bxc8 Rxc8
27. Rh5 Rc5 28. h4 Ra5 29. hxg5 g6 30. R5h4 Rxg5 31. Rf4+ Kg7 32. g4 Ra5 33.
Re1 Ra1+ 34. Kd2 Rxe1 35. Kxe1 Bd5 36. Ke2 Bc6 37. c4 g5 38. Rf5 Kg6 39. Ke3
Bd7 40. Re5 Kf6 41. Kd4 Be6 42. b4 Bd7 43. b5 axb5 44. cxb5 Be6 45. b6 Bb3 46.
Rc5 Bd1 47. Ke3 Bb3 48. Ke4 Ba4 49. Rc7 Ke6 50. f4 gxf4 51. Kxf4 1-0

[Event "III Festival A"]
[Site "Codogno ITA"]
[Date "2011.10.15"]
[Round "2"]
[White "Rubbiani, Samuel"]
[Black "Carrai, Giacomo"]
[Result "0-1"]
[WhiteElo "1657"]
[BlackElo "1820"]
[PlyCount "44"]
[EventDate "2011.10.14"]

1. e4 c5 2. Nc3 Nc6 3. g3 d6 4. Bg2 g6 5. d3 Bg7 6. f4 e6 7. Nf3 Nge7 8. Be3
O-O 9. O-O Rb8 10. Qd2 Nd4 11. Bf2 Nec6 12. Nxd4 Nxd4 13. Rae1 Qa5 14. e5 d5
15. a3 Nc6 16. b4 cxb4 17. axb4 Qxb4 18. Rb1 Qa5 19. Ra1 Qd8 20. Nb5 a6 21. Bc5
axb5 22. Bxf8 Bxf8 0-1

[Event "III Festival A"]
[Site "Codogno ITA"]
[Date "2011.10.15"]
[Round "2"]
[White "Tagliaferri, Valerio"]
[Black "Giuria, Abramo"]
[Result "1-0"]
[WhiteElo "1850"]
[BlackElo "1711"]
[PlyCount "71"]
[EventDate "2011.10.14"]

1. c4 c5 2. Nc3 Nf6 3. g3 Nc6 4. Bg2 e6 5. e4 Be7 6. Nge2 d6 7. O-O O-O 8. d3
h6 9. h3 Nh7 10. a3 e5 11. Nd5 Ng5 12. Kh2 f5 13. Nec3 Qd7 14. Nxe7+ Qxe7 15.
Qh5 f4 16. Nd5 Qd7 17. gxf4 exf4 18. Bxf4 Ne6 19. Be3 Ne5 20. Qd1 Qf7 21. f4
Nc6 22. b4 b6 23. Ra2 Nc7 24. Nxc7 Qxc7 25. b5 Ne7 26. Qe1 Ng6 27. Qg3 Kh7 28.
Raf2 Bb7 29. h4 Ne7 30. Bh3 Bc8 31. Rg1 Rf7 32. f5 Ng8 33. Qg6+ Kh8 34. Bf4 Qd7
35. Rfg2 Nf6 36. Bxh6 1-0

[Event "III Festival A"]
[Site "Codogno ITA"]
[Date "2011.10.15"]
[Round "3"]
[White "Bongiorni, Gabriele"]
[Black "Astengo, Marcello"]
[Result "0-1"]
[WhiteElo "1816"]
[BlackElo "2045"]
[PlyCount "90"]
[EventDate "2011.10.14"]

1. d4 d5 2. c4 c6 3. Nf3 e6 4. e3 Nf6 5. Bd3 Nbd7 6. O-O dxc4 7. Bxc4 b5 8. Bd3
Bb7 9. Nbd2 a6 10. b3 c5 11. Bb2 Be7 12. Qe2 O-O 13. Rfd1 cxd4 14. Nxd4 Ne5 15.
Nf5 Qxd3 16. Nxe7+ Kh8 17. Qxd3 Nxd3 18. Bxf6 gxf6 19. Nf1 Rad8 20. Rd2 Rd7 21.
Rad1 Rfd8 22. Ng3 Kg7 23. Nh5+ Kf8 24. Nxf6 Rd6 25. Neg8 Kg7 26. Kf1 Bxg2+ 27.
Kxg2 Nf4+ 28. exf4 Rxd2 29. Rg1 Rxg8 30. Nxg8 Kxg8 31. Kf3+ Kf8 32. Ra1 Ke7 33.
Ke3 Rc2 34. b4 Rc3+ 35. Ke2 Ra3 36. f3 Kf6 37. Kf2 Kf5 38. Kg3 f6 39. h3 h6 40.
Rc1 Rxa2 41. Rc5+ e5 42. fxe5 fxe5 43. Rc6 h5 44. Rh6 Kg5 45. Re6 h4# 0-1

[Event "III Festival A"]
[Site "Codogno ITA"]
[Date "2011.10.15"]
[Round "3"]
[White "Carrai, Giacomo"]
[Black "Bonade', Massimo"]
[Result "1/2-1/2"]
[WhiteElo "1820"]
[BlackElo "2079"]
[PlyCount "134"]
[EventDate "2011.10.14"]

1. d4 Nf6 2. c4 e6 3. g3 d5 4. Bg2 Be7 5. Nf3 O-O 6. O-O dxc4 7. Qc2 b5 8. a4
b4 9. Qxc4 Ba6 10. Qc2 Nbd7 11. Ne5 Nxe5 12. Bxa8 Qxd4 13. Bg2 c5 14. Be3 Qc4
15. Qxc4 Nxc4 16. Bc1 Rd8 17. Bf3 Ne5 18. Re1 Nxf3+ 19. exf3 Bb7 20. Nd2 Rd3
21. Re3 Rd4 22. Re1 c4 23. Kg2 a5 24. Nf1 Rd3 25. Be3 Nd5 26. Red1 Rb3 27. Bd4
Bf6 28. Bxf6 gxf6 29. Nd2 Rxb2 30. Nxc4 Rc2 31. Rdc1 Re2 32. Kf1 Re5 33. Nxe5
fxe5 34. Rc5 Nc3 35. f4 exf4 36. gxf4 Be4 37. Ke1 Nd5 38. Kd2 b3 39. Rxd5 exd5
40. Kc3 Bc2 41. Re1 d4+ 42. Kb2 Kg7 43. Re5 d3 44. Rd5 Kf6 45. Kc3 b2 46. Kxb2
Bxa4 47. Rxd3 Be8 48. Rd5 a4 49. Re5 Bd7 50. Ra5 Kg6 51. Kc3 Kf6 52. Kd4 Be8
53. Ke3 Bd7 54. Kf3 Bc6+ 55. Kg3 Bd7 56. Kh4 Kg6 57. Ra7 Be8 58. Re7 Bb5 59.
Kg4 Bc4 60. f5+ Kf6 61. Ra7 Bb3 62. Ra6+ Ke5 63. Kg5 Kd4 64. Kh6 Ke5 65. Ra5+
Kf4 66. Kxh7 Kg4 67. Kg7 Kh3 1/2-1/2

[Event "III Festival A"]
[Site "Codogno ITA"]
[Date "2011.10.15"]
[Round "3"]
[White "Castrogiovanni, Carlo"]
[Black "Tagliaferri, Valerio"]
[Result "1-0"]
[WhiteElo "2004"]
[BlackElo "1850"]
[PlyCount "87"]
[EventDate "2011.10.14"]

1. d4 b5 2. e4 Bb7 3. Bd3 e6 4. Nf3 a6 5. Qe2 c5 6. c3 d6 7. O-O Nd7 8. Bf4
Ngf6 9. a4 c4 10. Bc2 Be7 11. Na3 Qb6 12. Rfb1 O-O 13. b3 cxb3 14. Rxb3 Bc6 15.
Rab1 Qc7 16. axb5 axb5 17. Nxb5 Bxb5 18. Qxb5 Rfb8 19. Qd3 e5 20. Be3 Rxb3 21.
Rxb3 Rc8 22. h3 h6 23. Bd1 Kf8 24. Nd2 Qc6 25. Be2 Kg8 26. Qb5 Qc7 27. Kh2 Kf8
28. g3 Kg8 29. c4 exd4 30. Bxd4 Nc5 31. Bxc5 dxc5 32. Qb7 Nd7 33. Bg4 Bg5 34.
Bxd7 Qxb7 35. Rxb7 Rd8 36. Nf3 Be7 37. Rc7 Bf8 38. Kg2 g6 39. e5 Kg7 40. e6 Kf6
41. exf7 Kxf7 42. Bc6+ Kf6 43. Bd5 Be7 44. Nd2 1-0

[Event "III Festival A"]
[Site "Codogno ITA"]
[Date "2011.10.15"]
[Round "3"]
[White "De Palma, Fabrizio"]
[Black "Laketic, Gojko"]
[Result "1/2-1/2"]
[WhiteElo "2071"]
[BlackElo "2443"]
[PlyCount "76"]
[EventDate "2011.10.14"]

1. d4 Nf6 2. Nf3 e6 3. c4 d5 4. Nc3 c6 5. cxd5 exd5 6. Bg5 Be7 7. e3 Bf5 8. Bd3
Bxd3 9. Qxd3 Nbd7 10. O-O O-O 11. a3 a5 12. b3 Re8 13. Rfb1 Bd6 14. Qc2 Qb8 15.
Bxf6 Nxf6 16. Qb2 b5 17. a4 Qb6 18. Qc2 g6 19. Rc1 Rac8 20. Qd3 Ne4 21. Nd2
Nxc3 22. Rxc3 Rc7 23. g3 Rec8 24. Nf3 Bb4 25. Rc2 bxa4 26. bxa4 c5 27. dxc5
Rxc5 28. Rac1 Rxc2 29. Rxc2 Rxc2 30. Qxc2 Qc5 31. Qxc5 Bxc5 32. Kf1 f6 33. Ke2
Kf7 34. Kd3 Ke6 35. Nd4+ Kd6 36. Nb3 Bb6 37. f3 Ke5 38. h3 Kd6 1/2-1/2

[Event "III Festival A"]
[Site "Codogno ITA"]
[Date "2011.10.15"]
[Round "3"]
[White "Ficco, Corrado"]
[Black "Giretti Kanev, Jasen"]
[Result "0-1"]
[WhiteElo "2117"]
[BlackElo "2205"]
[PlyCount "90"]
[EventDate "2011.10.14"]

1. e4 c6 2. d4 d5 3. exd5 cxd5 4. c4 Nf6 5. Nc3 g6 6. Qb3 Bg7 7. cxd5 O-O 8.
Be2 Nbd7 9. Bg5 Qb6 10. Qxb6 Nxb6 11. Bf3 Rd8 12. Bxf6 Bxf6 13. Nge2 Rb8 14.
Rd1 Nc4 15. b3 Na3 16. O-O b5 17. Ne4 Bg7 18. Nc5 a5 19. Be4 b4 20. h3 Nb5 21.
Rfe1 Kf8 22. Rd3 Nd6 23. Bf3 Bf5 24. Rdd1 Bh6 25. g4 Bc8 26. h4 Bg7 27. Kg2 Nb5
28. Rd3 Rb6 29. Kg3 h6 30. Red1 Nd6 31. Nf4 h5 32. Na4 Ra6 33. Nc5 Rb6 34. Na4
Rb5 35. Nc5 hxg4 36. Bxg4 Bf5 37. Bxf5 Nxf5+ 38. Kg4 Nxd4 39. Rxd4 Rxc5 40.
R4d3 Rd6 41. h5 gxh5+ 42. Kxh5 Rc2 43. R1d2 Rxd2 44. Rxd2 Bh6 45. Kg4 e5 0-1

[Event "III Festival A"]
[Site "Codogno ITA"]
[Date "2011.10.15"]
[Round "3"]
[White "Giuria, Abramo"]
[Black "Murli, Almerico"]
[Result "1/2-1/2"]
[WhiteElo "1711"]
[BlackElo "1805"]
[PlyCount "56"]
[EventDate "2011.10.14"]

1. e4 g6 2. d4 Bg7 3. f4 d5 4. e5 Nh6 5. Be2 c6 6. Nf3 Bg4 7. Nbd2 Nf5 8. Nf1
O-O 9. Ne3 Nxe3 10. Bxe3 f6 11. O-O Nd7 12. Qd2 Rc8 13. h3 Bxf3 14. Bxf3 e6 15.
Qb4 fxe5 16. fxe5 b6 17. Qd6 Re8 18. Bg4 Qe7 19. Qxe7 Rxe7 20. Bg5 Ree8 21. Rf2
h6 22. Bd2 c5 23. Raf1 cxd4 24. Rf7 Nxe5 25. Rxa7 Nxg4 26. Rff7 Bf8 27. hxg4
Rxc2 28. Bb4 Bxb4 1/2-1/2

[Event "III Festival A"]
[Site "Codogno ITA"]
[Date "2011.10.15"]
[Round "3"]
[White "Mrdja, Milan"]
[Black "Valsecchi, Alessio"]
[Result "1/2-1/2"]
[WhiteElo "2402"]
[BlackElo "2338"]
[PlyCount "131"]
[EventDate "2011.10.14"]

1. e4 c6 2. d4 d5 3. e5 c5 4. Nf3 Nc6 5. dxc5 e6 6. Be3 Nge7 7. c3 Nf5 8. Bd4
f6 9. Bb5 Bd7 10. Bxc6 Bxc6 11. O-O Rc8 12. Re1 Bd7 13. b4 b6 14. cxb6 axb6 15.
Qd3 Nxd4 16. Qxd4 Be7 17. exf6 gxf6 18. Qg4 Kf7 19. Qh5+ Kg7 20. Nd4 e5 21.
Nf5+ Bxf5 22. Qxf5 Rg8 23. Re3 Kh8 24. Rh3 Rg7 25. Rd3 Bxb4 26. a3 Be7 27. Ra2
Qg8 28. g3 Rd8 29. Re2 Rg5 30. Qh3 Bc5 31. Kh1 Rd6 32. Rd1 Qa8 33. Qg2 Rg8 34.
Red2 Rgd8 35. Qf3 e4 36. Qg2 Qa4 37. Qf1 Qb3 38. Qe2 Bxa3 39. Nxa3 Qxa3 40. c4
dxc4 41. Rxd6 Rxd6 42. Rxd6 Qxd6 43. Qxc4 Qd3 44. Qc8+ Kg7 45. Kg1 b5 46. Qg4+
Kf8 47. Qc8+ Kf7 48. Qb7+ Kg6 49. Qb8 Qd7 50. Kg2 Kg7 51. h3 Qd5 52. Kg1 Qd1+
53. Kh2 Qe2 54. Kg1 Qc4 55. Qb7+ Kg6 56. Qd7 b4 57. Qg4+ Kh6 58. Qf4+ Kg7 59.
Qg4+ Kf7 60. Qd7+ Kf8 61. Qd8+ Kg7 62. Qe7+ Kg6 63. Qe8+ Kg5 64. Qe7 Kg6 65.
Qe8+ Kg7 66. Qe7+ 1/2-1/2

[Event "III Festival A"]
[Site "Codogno ITA"]
[Date "2011.10.15"]
[Round "3"]
[White "Popovich, Fabio"]
[Black "Mussap, Angelo"]
[Result "1-0"]
[WhiteElo "1805"]
[BlackElo "2036"]
[PlyCount "99"]
[EventDate "2011.10.14"]

1. e4 e5 2. Nf3 Nf6 3. Nxe5 Qe7 4. d4 d6 5. Nf3 Qxe4+ 6. Qe2 Bf5 7. c4 Nc6 8.
Nc3 Qxe2+ 9. Bxe2 Nb4 10. O-O Be7 11. Bd2 a6 12. Ne1 O-O 13. h3 Rfe8 14. Be3
Bf8 15. a3 Nc6 16. Nd3 Rad8 17. Rac1 d5 18. cxd5 Nxd5 19. Nxd5 Rxd5 20. Nf4 Rd6
21. d5 g5 22. Nh5 Ne7 23. Bxg5 Nxd5 24. Bf3 Be4 25. Rfe1 f5 26. Bd1 Kf7 27. Ng3
Rde6 28. Bh5+ Rg6 29. f3 Bd3 30. Rxe8 Kxe8 31. Rd1 Bc5+ 32. Kh1 Bc4 33. Nxf5 b6
34. Nd4 Kd7 35. Bxg6 hxg6 36. b3 b5 37. bxc4 bxc4 38. Nc2 Kc6 39. g4 Nc3 40.
Re1 Kb5 41. Re5 Nd1 42. Be7 Nf2+ 43. Kg2 Nd3 44. Rxc5+ Nxc5 45. Bxc5 Kxc5 46.
Kf2 c3 47. Ke3 Kc4 48. h4 c5 49. Ke2 Kb3 50. Kd1 1-0

[Event "III Festival A"]
[Site "Codogno ITA"]
[Date "2011.10.15"]
[Round "3"]
[White "Stella, Andrea"]
[Black "Marholev, Dimitar"]
[Result "1/2-1/2"]
[WhiteElo "2447"]
[BlackElo "2355"]
[PlyCount "80"]
[EventDate "2011.10.14"]

1. d4 Nf6 2. c4 g6 3. Nf3 Bg7 4. Nc3 O-O 5. g3 d6 6. Bg2 Nbd7 7. O-O e5 8. e4
exd4 9. Nxd4 Re8 10. h3 Nc5 11. Re1 a5 12. Qc2 Bd7 13. Be3 Qc8 14. Kh2 Re5 15.
f3 Rh5 16. h4 c6 17. Rad1 Ne8 18. Nce2 Re5 19. Bf4 Re7 20. Qd2 Ne6 21. Nxe6
Bxe6 22. b3 a4 23. Nd4 Bd7 24. Bg5 Re5 25. Bf4 Re7 26. b4 c5 27. Nc2 Be6 28.
Ne3 cxb4 29. Qxb4 Rc7 30. Bf1 b5 31. Rc1 bxc4 32. Nxc4 Qb7 33. Qxb7 Rxb7 34.
Rc2 d5 35. exd5 Bxd5 36. Rxe8+ Rxe8 37. Nd6 Rbe7 38. Nxe8 Rxe8 39. Bb5 Ra8 40.
Bc6 Bxc6 1/2-1/2